=LDR 00000nam 2200000 4500 =001 INLIS000000000047475 =005 20151205101122.0 =006 =007 =008 =020 ##$$a979-741-296-2 =035 ##$$0010-121500000000016 =082 ##$$a500. =100 ##$$adRS sUKINO =245 ##$$aMATEMATIKA UNTUK SMP KLS IX =260 ##$$a JAKARTA $b ERLANGGA $c 2004 =300 ##$$a VIII; 437 HLM $b 25 CM =850 ##$$a nbpnmat =990 ##$$a 0001/BPAP-NTB/2015